[Event "Dortmund Sparkassen op-B"]
[Site "Dortmund"]
[Date "2012.07.20"]
[Round "7"]
[White "Austrup, David"]
[Black "Bakshi, Raj"]
[Result "1/2-1/2"]
[WhiteElo "1293"]
[BlackElo "1589"]
[PlyCount "140"]
[EventDate "2012.07.14"]
[EventType "swiss"]
[EventRounds "9"]
[EventCountry "GER"]
[SourceTitle "EXT 2014"]
[Source "ChessBase"]
[SourceDate "2013.11.20"]
[SourceVersion "1"]
[SourceVersionDate "2013.11.20"]
[SourceQuality "1"]

1. e4 d6 2. d4 Nf6 3. Nc3 a6 4. Nf3 g6 5. Be3 b5 6. Qd2 b4 7. Ne2 a5 8. Ng3 Bb7 9. d5 Bg7 10. a3 bxa3 11. Rxa3 Ng4 12. Bd4 Ne5 13. Bxe5 dxe5 14. Rxa5 c5 15. Rxa8 Bxa8 16. Bb5+ Nd7 17. Qc3 0-0 18. 0-0 f5 19. Qd3 fxe4 20. Nxe4 Nb6 21. Nxc5 Bxd5 22. Rd1 Qa8 23. Nd7 Qb7 24. Nxb6 Bxf3 25. gxf3 Qxb6 26. Bc4+ Kh8 27. b3 Bf6 28. Qe3 Qb7 29. Rd3 Bg7 30. Qe4 Qa7 31. Rd5 Qa8 32. Rd7 Qa1+ 33. Kg2 Qc1 34. Qd3 Qf4 35. Rd8 Qg5+ 36. Kf1 Qc1+ 37. Ke2 Qf4 38. Rxf8+ Qxf8 39. b4 Bf6 40. b5 Qb8 41. Bd5 Qb6 42. c4 e6 43. Bc6 Qc5 44. Kf1 Bh4 45. Qe2 Kg7 46. Be4 Kf6 47. Bd3 Bg5 48. Qb2 Qb6 49. Qb4 Qd8 50. Bc2 Bh4 51. c5 Bg5 52. c6 Bd2 53. Qh4+ g5 54. Qh6+ Ke7 55. Qxh7+ Kd6 56. Qd3+ Kc7 57. Qxd8+ Kxd8 58. b6 Kc8 59. b7+ Kc7 60. Ke2 Bf4 61. h3 Bh2 62. Kd3 Bf4 63. Kc4 Bh2 64. Kb5 Bg1 65. Kc4 Bxf2 66. Kd3 Ba7 67. Ke2 Kxc6 68. Be4+ Kc7 69. Kf1 Be3 70. Kg2 Bf4 1/2-1/2